Statistics for They Shoot Pictures, Don't They? - films 1 to 20

Click here to take the quiz!

General Stats

  • This quiz has been taken 430 times
  • The average score is 8 of 20

Answer Stats

Answer% Correct
The Godfather
84%
Singin' in the Rain
83%
Apocalypse Now
78%
Citizen Kane
75%
2001: A Space Odyssey
74%
Taxi Driver
64%
Seven Samurai
59%
The Passion of Joan of Arc
46%
Vertigo
41%
Bicycle Thieves
37%
Battleship Potemkin
34%
The Searchers
28%
26%
Breathless
23%
In the Mood for Love
22%
Persona
18%
Tokyo Story
18%
Jeanne Dielman, 23, quai du Commerce, 1080 Bruxelles
13%
The Rules of the Game
11%
Sunrise: A Song of Two Humans
9%

Score Distribution

Percentile by Number Answered

Percent of People with Each Score

Your Score History

You have not taken this quiz